000 00598nam a2200205Ia 4500
005 20250923150003.0
008 008 250917s9999 xx 000 0 eng d
037 _aTextual
040 _aDSWL
_beng
_cDSWL
041 _aeng
_2eng
084 _qDSWL
100 _aPhillips, Anubha
_9841021
245 0 _aCoping mechanisms of wives of men having extra marital sexual relationships
_c by Anubha Phillips
260 _aDelhi
_bDipartment of Social Work , University of Delhi
_c1998
300 _a68 p.
365 _bGift
925 _gGift
942 _cTEXL
999 _c1458186
_d1458186